10 Richest Provinces in the Philippines - Statistics

General Stats
  • This quiz has been taken 291 times
  • The average score is 5 of 10
Answer Stats
Total Assets Provinces % Correct
P32.43 B Cebu
93%
P9.97 B Batangas
66%
P7.5 B Laguna
56%
P8.19 B Palawan
55%
P11.73 B Rizal
53%
P8.96 B Bulacan
50%
P8.14 B Ilo-ilo
46%
P7.3 B Leyte
33%
P11.042 B Negros Occidental
30%
P7.22 B Nueva Ecija
23%
No matching quizzes found
Score Distribution
Percent of People with Each Score
Percentile by Number Answered
Your Score History
You have not taken this quiz